000 00695nam a22002297a 4500
003 UA-OsUOA
001 29426
007 ta
008 20041011b un ||||| |||| 00| 0 ukr d
090 _a82.09(477)
_bМ58
942 _cBK
040 _aUA-OsUOA
_bukr
_cUA-OsUOA
_dUA-OsUOA
245 _aМіжсловянські літературні взаємини (Збірник статей)
_cРед. О. І.Білецький Є. П.Кирилюк Г. Д.Вервес
300 _a380 с.
955 _a0
041 _aukr
080 _a82.09(477)
260 _aКиїв
_bАкадемія наук Української РСР
_c1958
044 _aUA
650 7 _2UDC
999 _c315814
_d315814